书目信息 |
| 题名: |
舌尖上的中国美食大全集
|
|
| 作者: | 张立辉 , 李平 编著 | |
| 分册: | ||
| 出版信息: | 北京 中国画报出版社 2012.10 |
|
| 页数: | 538页 | |
| 开本: | 21cm | |
| 丛书名: | ||
| 单 册: | ||
| 中图分类: | TS971.2(2) | |
| 科图分类: | ||
| 主题词: | 饮食--文化--中国 , 饮食 | |
| 电子资源: | ||
| ISBN: | 978-7-5146-0582-2 | |
| 000 | 00820nam0 2200253 450 | |
| 001 | 010700141191 | |
| 005 | 20130504154413.18 | |
| 010 | @a978-7-5146-0582-2@dCNY46.00 | |
| 100 | @a20121109d2012 em y0chiy50 ea | |
| 101 | 0 | @achi |
| 102 | @aCN@b110000 | |
| 105 | @aa z 000yy | |
| 106 | @ar | |
| 200 | 1 | @a舌尖上的中国美食大全集@9she jian shang de zhong guo mei shi da quan ji@f张立辉,李平编著 |
| 210 | @a北京@c中国画报出版社@d2012.10 | |
| 215 | @a538页@c图@d21cm | |
| 330 | @a本书主要内容包括:舌尖上的沪上——淞沪食风,清淡素雅;舌尖上的岭南——岭南美味,异品奇珍等共十八章。 | |
| 606 | 0 | @a饮食@x文化@y中国 |
| 606 | 0 | @a饮食 |
| 690 | @aTS971.2(2)@v5 | |
| 701 | 0 | @a张立辉@9zhang li hui@4编著 |
| 701 | 0 | @a李平@9li ping@4编著 |
| 801 | 0 | @aCN@bRENTIAN@c20121109 |
| 905 | @b542502-06@dTS971.2(2)@e312@f5 | |
| 舌尖上的中国美食大全集/张立辉,李平编著.-北京:中国画报出版社,2012.10 |
| 538页:图;21cm |
| ISBN 978-7-5146-0582-2:CNY46.00 |
| 本书主要内容包括:舌尖上的沪上——淞沪食风,清淡素雅;舌尖上的岭南——岭南美味,异品奇珍等共十八章。 |
| ● |
| 相关链接 |
|
|
|
|
正题名:舌尖上的中国美食大全集
索取号:TS971.2(2)/312
 
预约/预借
| 序号 | 登录号 | 条形码 | 馆藏地/架位号 | 状态 | 备注 |
| 1 | 542502 | 205425020 | 第二样本阅览室/ [索取号:TS971.2(2)/312] | 在馆 | |
| 2 | 542503 | 205425039 | 第三借阅区/ [索取号:TS971.2(2)/312] | 在馆 | |
| 3 | 542504 | 205425048 | 第三借阅区/ [索取号:TS971.2(2)/312] | 在馆 | |
| 4 | 542505 | 205425057 | 第三借阅区/ [索取号:TS971.2(2)/312] | 在馆 | |
| 5 | 542506 | 205425066 | 第三借阅区/ [索取号:TS971.2(2)/312] | 在馆 |